|
|
|
|
| LEADER |
00000naa2a2200000 4500 |
| 001 |
128884 |
| 005 |
20231218132834.0 |
| 035 |
|
|
|a (RuTPU)RU\TPU\book\139477
|
| 090 |
|
|
|a 128884
|
| 100 |
|
|
|a 20080116d2005 k y0rusy50 ca
|
| 101 |
0 |
|
|a rus
|
| 102 |
|
|
|a RU
|
| 200 |
1 |
|
|a Асинхронный электропривод кранового механизма
|f И. Г. Однокопылов
|g науч. рук. Ю. Н. Дементьев
|
| 320 |
|
|
|a Библиогр.: 2 назв.
|
| 463 |
|
0 |
|0 (RuTPU)RU\TPU\book\118365
|t Электротехника, электромеханика и электротехнологии
|o труды пятой региональной научно-практической студенческой конференции, Томск, 7-10 июня 2005 г.
|f Томский политехнический университет; Электротехнический институт
|v С. 109-111
|d 2005
|p 296 с.
|
| 610 |
1 |
|
|a краны
|
| 610 |
1 |
|
|a крановые механизмы
|
| 610 |
1 |
|
|a электроприводы
|
| 610 |
1 |
|
|a асинхронные двигатели
|
| 610 |
1 |
|
|a труды учёных ТПУ
|
| 700 |
|
1 |
|a Однокопылов
|b И. Г.
|c специалист в области электротехники
|c доцент Томского политехнического университета, кандидат технических наук
|f 1983-
|g Иван Георгиевич
|3 (RuTPU)RU\TPU\pers\27975
|9 12965
|
| 702 |
|
1 |
|a Дементьев
|b Ю. Н.
|4 727
|
| 801 |
|
1 |
|a RU
|b 63413507
|c 20080116
|g PSBO
|
| 801 |
|
2 |
|a RU
|b 63413507
|c 20150826
|g RCR
|
| 942 |
|
|
|c BK
|